| 000 | 00385pab a2200157 454500 | ||
|---|---|---|---|
| 008 | 180718b2008 xxu||||| |||| 00| 0 eng d | ||
| 100 | _aXavier Alphonse, S.J. | ||
| 245 | _aAccess and academic excellence in XI five year plan | ||
| 260 | _c2008 | ||
| 300 | _ap.1-6. | ||
| 362 | _a10 Mar | ||
| 650 | _aHigher education | ||
| 773 | _aUniversity News | ||
| 908 | _aN | ||
| 909 | _a77507 | ||
| 999 |
_c77507 _d77507 |
||